| 000 | 00984nam a2200313 i 4500 | ||
|---|---|---|---|
| 003 | EG-GICUC | ||
| 005 | 20260309104812.0 | ||
| 008 | 260309b1993 nyu||||fr|||| 00| 0 eng d | ||
| 020 | _a08871205 | ||
| 020 | _a0876329431 | ||
| 040 |
_aEG-GiCUC _beng _cEG-GiCUC _dEG-GiCUC _erda |
||
| 082 | 0 | 4 |
_221 _a341.83 |
| 092 | 0 | 4 | _221 |
| 099 | _aLaw 12 1993 | ||
| 100 | 1 | _aFragomen, Austin. | |
| 245 | 1 | 0 |
_aImmigration procedures handbook / _cAustin T. Fragomen, Alfred J. Del Rey, Steven C. Bell. |
| 264 |
_aNew York : _bClark Boardman Callaghan, _c1993. |
||
| 300 |
_avarious pages ; _c30 cm |
||
| 336 |
_2rda content _atext |
||
| 337 |
_2rda media _aComputer |
||
| 338 |
_2rda carrier _aOnline Resource |
||
| 490 | _aImmigration Law Library | ||
| 650 | 0 |
_aImmigration Law _vHandbooks, manuals, etc.. |
|
| 700 | 1 | _aDel Ray, Alfred J. | |
| 700 | 1 | _aBell, Steven C. | |
| 856 | 4 | 0 | _uhttps://fll.law.cu.edu.eg/fulltext/bks/ENGB12-00075.pdf |
| 905 | _a10 | ||
| 942 |
_2ddc _cBK _e21 _n0 |
||
| 999 |
_c65895 _d65895 |
||